| 000 | 01429cam a22003855a 4500 | ||
|---|---|---|---|
| 001 | 109681 | ||
| 005 | 20230404130026.0 | ||
| 008 | 120515s2011 cu 000 0 spa | ||
| 035 | _a17620307 | ||
| 010 | _a 2013366086 | ||
| 020 | _a9781921438127 | ||
| 035 | _a(UyMoLRL)lr49061 | ||
| 040 |
_aDLC _cDLC |
||
| 050 | 1 | 4 |
_a107 F 1787.5 _bG939d 2011 |
| 082 | 0 | 0 | _a923.282 |
| 100 | 1 |
_aGuevara, Ernesto, _d1928-1967. |
|
| 245 | 1 | 0 |
_aDiario de un combatiente : _b[Sierra Maestra a Santa Clara 1956-1958] / _cErnesto Che Guevara ; prólogo de Armando Hart. |
| 260 |
_aLa Habana : _bEditorial de Ciencias Sociales : _bCentro de Estudios Che Guevara : _bOcean Sur, _c2011. |
||
| 300 |
_a302 p. [40] p. de fotos : _bil., facsim ; _c23 cm. |
||
| 440 | 0 | _aProyecto Editorial Che Guevara. | |
| 500 | _aSub-título tomado de la cubierta. | ||
| 504 | _aIncluye índice y glosario. | ||
| 600 | 1 | 0 |
_aGuevara, Che, _d1928-1967 _vDiaries. |
| 650 | 0 |
_aRevolutionaries _zCuba _y20th century _vDiaries. |
|
| 650 | 0 |
_aGuerrilla warfare _zCuba _xHistory _y20th century _vSources. |
|
| 651 | 0 |
_aCuba _xHistory _yRevolution, 1959 _vPersonal narratives. |
|
| 600 | 1 | 4 |
_aGuevara, Ernesto, _d1928-1967. |
| 650 | 4 |
_aRevolucionarios _zCuba. |
|
| 650 | 4 |
_aRevolucionarios _vBiografías. |
|
| 650 | 4 |
_aGuerrillas _zAmérica Latina. |
|
| 700 | 1 |
_aHart, Armando, _epról. |
|
| 923 |
_d20121130 _n8155 _sUyMoLRL |
||
| 942 |
_2lcc _cbk |
||
| 985 | _eVENDOR LOAD | ||
| 999 |
_c9446 _d9446 |
||